Sociedades posneoliberales en América Latina y persistencia del extractivismo /
Furkejuvvon:
| Váldodahkki: | |
|---|---|
| Materiálatiipa: | Girji |
| Giella: | Spanish |
| Fáddágilkorat: |
Lasit fáddágilkoriid
Eai fáddágilkorat, Lasit vuosttaš fáddágilkora!
|
MARC
| LEADER | 00000nam a22000007a 4500 | ||
|---|---|---|---|
| 003 | cru CIDCACS/IIS | ||
| 005 | 20200925161328.0 | ||
| 007 | ta | ||
| 008 | 170420e2016 mx ||||| |||| 00| 0 spa d | ||
| 040 | |c CRAI/IIS |a CRAI/IIS | ||
| 100 | 1 | |9 4234 |a Ornelas Delgado, Jaime | |
| 245 | 1 | |a Sociedades posneoliberales en América Latina y persistencia del extractivismo / |c Jaime Ornelas Delgado | |
| 300 | |a páginas 84-95 | ||
| 773 | 0 | |0 19200 |9 645 |a Universidad Nacional Autónoma de México. |d México: UNAM |o R17901 |t Economía Informa / | |
| 942 | |2 ddc |c PP | ||
| 999 | |c 19202 |d 19202 | ||
